00569nam a2200181Ia 4500003000900000008004100009020001800050040001600068080001700084100001900101245012200120260003800242300001500280650004100295650001600336650001800352650001700370IN-BaIIA211028s9999 xx 000 0 eng d a0-470-74805-2 cIIA Library a524.834bSAK aSaakyan, G. S. 0aEquilibrium configurations of degenerate gaseous massescG. S. Saakyan  aNew YorkbJohn Wiley & Sonsc1974 axii, 294p. aAstronomy and astrophysics thesaurus aGravitation aNeutron stars aWhite dwarfs